[Event "FB1 2324 SK Doppelbauer Turm Kiel - Scha"]
[Site "?"]
[Date "2023.12.10"]
[Round "4.1"]
[White "Klek, Hanna Marie"]
[Black "Rath, Alina"]
[Result "1-0"]
[WhiteElo "2236"]
[BlackElo "2035"]
[PlyCount "77"]
[EventDate "2023.??.??"]

1. e4 c5 2. Nf3 Nc6 3. d4 cxd4 4. Nxd4 Nf6 5. Nc3 d6 6. Bc4 e5 7. Nde2 Be7 8. h3 O-O 9. g4 Be6 10. Bb3 Na5 11. g5 Nd7 12. h4 Nxb3 13. axb3 Nb6 14. Be3 Kh8 15. Ng3 f5 16. exf5 Bxf5 17. Nxf5 Rxf5 18. Qd3 Rf8 19. O-O-O Rc8 20. Rd2 Rc6 21. Kb1 Qd7 22. Bxb6 Rxb6 23. Re1 Qe6 24. Nd5 Rc6 25. f4 Bd8 26. Rde2 Rf5 27. Re4 g6 28. c4 Bb6 29. R1e2 Kg7 30. b4 Bd8 31. b3 a6 32. Qe3 b5 33. Qd3 bxc4 34. bxc4 Bc7 35. Kb2 Bb8 36. Kb3 Qd7 37. Nf6 Qf7 38. h5 Qb7 39. Qd5 1-0

[Event "FB1 2324 SK Doppelbauer Turm Kiel - Scha"]
[Site "?"]
[Date "2023.12.10"]
[Round "4.2"]
[White "Braeutigam, Katerina"]
[Black "Mkrtchian, Lilit"]
[Result "0-1"]
[WhiteElo "1845"]
[BlackElo "2378"]
[PlyCount "42"]
[EventDate "2023.??.??"]

1. e4 c6 2. d4 d5 3. e5 c5 4. dxc5 e6 5. Be3 Nd7 6. Bb5 Qc7 7. Nf3 Bxc5 8. Bxc5 Qxc5 9. Qe2 Ne7 10. O-O Qb6 11. c3 Nc6 12. Na3 O-O 13. Bd3 f6 14. Ng5 fxg5 15. Qh5 h6 16. h4 Ndxe5 17. Rad1 g4 18. Be2 Bd7 19. Bxg4 Rf6 20. Bh3 Qxb2 21. Rde1 Qxa3 0-1

[Event "FB1 2324 SK Doppelbauer Turm Kiel - Scha"]
[Site "?"]
[Date "2023.12.10"]
[Round "4.3"]
[White "Schleining, Zoya"]
[Black "Staerk, Elisa"]
[Result "1-0"]
[WhiteElo "2338"]
[BlackElo "1980"]
[PlyCount "107"]
[EventDate "2023.??.??"]

1. e4 c5 2. Nf3 d6 3. Nc3 Nf6 4. d4 cxd4 5. Nxd4 a6 6. a4 e5 7. Nf3 h6 8. Bc4 Be7 9. Be3 Nbd7 10. a5 Qc7 11. Nd2 Nc5 12. O-O Bd7 13. Nd5 Nxd5 14. Bxd5 Bg5 15. Bxc5 dxc5 16. Nc4 O-O 17. Nb6 Rad8 18. Qh5 Be6 19. Bxe6 fxe6 20. Nc4 Rd4 21. Qe2 Rfd8 22. c3 R4d7 23. Rfd1 Bf6 24. g3 Qc6 25. Rxd7 Qxd7 26. Kf1 Kf7 27. h4 g6 28. Ke1 h5 29. Rd1 Qxd1+ 30. Qxd1 Rxd1+ 31. Kxd1 Ke7 32. Kc2 Kd7 33. Kb3 Kc6 34. Ka4 Bg7 35. Nd2 Bh6 36. Nf3 Kd6 37. Kb3 Bg7 38. Kc4 Bf6 39. Nd2 Bd8 40. Nb3 b5+ 41. axb6 Bxb6 42. Nc1 Kc6 43. Nd3 Kd6 44. f3 Ba7 45. f4 exf4 46. gxf4 Ke7 47. e5 Kf7 48. Nxc5 Bb6 49. b4 Bd8 50. Nxa6 Bxh4 51. Kd3 Be1 52. Nc5 h4 53. Ne4 Ke7 54. Ke2 1-0

[Event "FB1 2324 SK Doppelbauer Turm Kiel - Scha"]
[Site "?"]
[Date "2023.12.10"]
[Round "4.4"]
[White "Gressmann, Hanna"]
[Black "Koepke, Elena"]
[Result "0-1"]
[WhiteElo "1957"]
[BlackElo "2224"]
[PlyCount "130"]
[EventDate "2023.??.??"]

1. e4 e5 2. Nf3 Nc6 3. Bc4 Nf6 4. d3 Be7 5. O-O O-O 6. Re1 d6 7. c3 Na5 8. Bb5 a6 9. Ba4 b5 10. Bc2 c5 11. Nbd2 Re8 12. Nf1 Bf8 13. Ng3 g6 14. h3 Bg7 15. Be3 Qc7 16. Qe2 Bb7 17. a4 c4 18. axb5 axb5 19. d4 Nc6 20. d5 Ne7 21. Nh2 h6 22. Qd2 Kh7 23. f4 exf4 24. Bxf4 Neg8 25. Nf3 Rxa1 26. Rxa1 Ra8 27. Rxa8 Bxa8 28. Nd4 Nd7 29. Qf2 Bxd4 30. Qxd4 f6 31. Ne2 Ne5 32. Qd2 Bb7 33. Nd4 Bc8 34. Bxe5 fxe5 35. Nc6 Kg7 36. Qf2 Nf6 37. Qe3 Bd7 38. Nb4 Be8 39. Bd1 Nd7 40. h4 Qc5 41. Qxc5 Nxc5 42. Bc2 Kf6 43. Kf2 g5 44. hxg5+ Kxg5 45. Kf3 Bd7 46. g3 Be8 47. Kf2 Kg4 48. Bd1+ Kh3 49. Bc2 Nd7 50. Nc6 Nf6 51. Ne7 Bd7 52. Nf5 Bxf5 53. exf5 Kg4 54. Bb1 Nxd5 55. Be4 Nf6 56. Bc6 d5 57. Bxb5 Kxf5 58. Kf3 Ke6 59. Ke3 Kd6 60. Ba4 Kc5 61. Bd1 d4+ 62. cxd4+ exd4+ 63. Kf4 Nd5+ 64. Ke4 c3 65. b3 Nb4 0-1

[Event "FB1 2324 SK Doppelbauer Turm Kiel - Scha"]
[Site "?"]
[Date "2023.12.10"]
[Round "4.5"]
[White "Jelica, Mara"]
[Black "Franzenburg, Maria"]
[Result "1-0"]
[WhiteElo "2053"]
[BlackElo "1853"]
[PlyCount "77"]
[EventDate "2023.??.??"]

1. Nf3 f5 2. c4 Nf6 3. d3 g6 4. g3 Bg7 5. Bg2 O-O 6. O-O d6 7. Nc3 e5 8. Bd2 a5 9. Rb1 Na6 10. a3 c6 11. b4 axb4 12. axb4 Qe8 13. Qb3 Kh8 14. Bc1 Be6 15. Ba3 Nd7 16. Qc2 Rc8 17. e3 e4 18. dxe4 Bxc4 19. Rfd1 Qe7 20. exf5 gxf5 21. Bh3 Be6 22. Nd4 Rf6 23. Nxe6 Qxe6 24. Nd5 Rf7 25. Nf4 Qf6 26. Bb2 Ne5 27. Ba1 Rcf8 28. Bg2 Qh6 29. h3 Nc7 30. Qe2 d5 31. Nh5 Ne6 32. Nxg7 Qxg7 33. f4 Qxg3 34. Bxe5+ Kg8 35. Qf2 Qg6 36. Kh2 Ng7 37. Bf3 Qe6 38. Rg1 Qe7 39. Rg2 1-0

[Event "FB1 2324 SK Doppelbauer Turm Kiel - Scha"]
[Site "?"]
[Date "2023.12.10"]
[Round "4.6"]
[White "Hielscher, Ursula"]
[Black "Gheng, Simona"]
[Result "0-1"]
[WhiteElo "1685"]
[BlackElo "1954"]
[PlyCount "64"]
[EventDate "2023.??.??"]

1. d4 d5 2. Nf3 Nf6 3. c3 e6 4. Bf4 Nbd7 5. h3 Be7 6. Nbd2 c5 7. e3 c4 8. a4 O-O 9. b3 cxb3 10. Qxb3 b6 11. Bd3 Bb7 12. a5 Rc8 13. axb6 Qxb6 14. Qxb6 axb6 15. c4 Ra8 16. O-O h6 17. Ne5 Nxe5 18. Bxe5 Nd7 19. Bg3 Bb4 20. Nf3 Ba6 21. Rab1 Ba5 22. Rfc1 Rfc8 23. Bc2 Rxc4 24. Bb3 Rxc1+ 25. Rxc1 Bc4 26. Ba4 b5 27. Bc2 Bc3 28. Bd6 Ra6 29. Bg3 b4 30. Bb1 Ra1 31. Rd1 Be2 32. Rc1 Bd3 0-1

[Event "FB1 2324 Rodewischer Schachmiezen - OSG "]
[Site "?"]
[Date "2023.12.10"]
[Round "4.1"]
[White "Muzychuk, Anna"]
[Black "Tsolakidou, Stavroula"]
[Result "1/2-1/2"]
[WhiteElo "2530"]
[BlackElo "2427"]
[PlyCount "98"]
[EventDate "2023.??.??"]

1. e4 c5 2. c3 Nf6 3. e5 Nd5 4. d4 cxd4 5. Nf3 Nc6 6. cxd4 d6 7. Bc4 dxe5 8. dxe5 Ndb4 9. O-O Qxd1 10. Rxd1 Nc2 11. Na3 Nxa3 12. bxa3 Bf5 13. e6 Bxe6 14. Bxe6 fxe6 15. Rb1 Rd8 16. Rxd8+ Nxd8 17. Be3 a6 18. Bf4 g6 19. Be5 Rg8 20. Bc7 b5 21. a4 Nc6 22. axb5 axb5 23. Rxb5 Bg7 24. Bg3 h6 25. Rb6 Kd7 26. Rb7+ Kd8 27. Rc7 Ne5 28. Ra7 Nxf3+ 29. gxf3 Re8 30. Bf4 g5 31. Be3 Be5 32. a4 Bb8 33. Ra8 Kd7 34. Kg2 Bc7 35. Rxe8 Kxe8 36. Kh3 Kd7 37. Kg4 Bxh2 38. a5 Kc6 39. a6 Bf4 40. Bxf4 gxf4 41. Kh5 Kb6 42. Kxh6 Kxa6 43. Kg5 Kb5 44. Kxf4 Kc4 45. Ke5 Kd3 46. Kxe6 Ke2 47. f4 Kf3 48. f5 Ke4 49. Kxe7 Kxf5 1/2-1/2

[Event "FB1 2324 Rodewischer Schachmiezen - OSG "]
[Site "?"]
[Date "2023.12.10"]
[Round "4.2"]
[White "Sieber, Fiona"]
[Black "Paehtz, Elisabeth"]
[Result "1/2-1/2"]
[WhiteElo "2274"]
[BlackElo "2459"]
[PlyCount "77"]
[EventDate "2023.??.??"]

1. e4 c5 2. Nf3 d6 3. Bb5+ Nd7 4. d4 Ngf6 5. O-O a6 6. Bxd7+ Nxd7 7. e5 dxe5 8. dxe5 e6 9. Qe2 Qc7 10. c4 b6 11. Nc3 Bb7 12. Bf4 Be7 13. Rfd1 O-O 14. Ne4 Rfd8 15. Rd3 Nf8 16. Re3 Bxe4 17. Rxe4 Qd7 18. Re3 b5 19. Bg5 Rab8 20. Bxe7 Qxe7 21. Rc1 b4 22. Rd1 Rxd1+ 23. Qxd1 Rd8 24. Rd3 Rxd3 25. Qxd3 Qd7 26. Ne1 Qxd3 27. Nxd3 Nd7 28. f4 f6 29. exf6 gxf6 30. g4 Kf7 31. Kf2 f5 32. h3 Kf6 33. Kg3 a5 34. b3 Kg6 35. Kh4 h6 36. Kg3 Kf6 37. Kh4 Kg6 38. Kg3 Kf6 39. Kh4 1/2-1/2

[Event "FB1 2324 Rodewischer Schachmiezen - OSG "]
[Site "?"]
[Date "2023.12.10"]
[Round "4.3"]
[White "Wagner, Dinara"]
[Black "Theissl Pokorna, Regina"]
[Result "1-0"]
[WhiteElo "2452"]
[BlackElo "2301"]
[PlyCount "61"]
[EventDate "2023.??.??"]

1. d4 Nf6 2. c4 e6 3. Nf3 d5 4. g3 dxc4 5. Bg2 c5 6. O-O Nc6 7. Ne5 Bd7 8. Na3 cxd4 9. Naxc4 Bc5 10. Bf4 O-O 11. Qb3 Nxe5 12. Nxe5 Qb6 13. Qxb6 Bxb6 14. Bxb7 Rad8 15. a4 Bc8 16. Bf3 Nd5 17. Nc6 Nxf4 18. gxf4 Rd7 19. a5 Bd8 20. Rfd1 Bf6 21. a6 h6 22. Ra4 g5 23. fxg5 hxg5 24. b4 Kg7 25. b5 Rh8 26. b6 Bxa6 27. bxa7 Bb7 28. Nb8 Bxf3 29. Nxd7 Bxe2 30. Rb1 d3 31. Nxf6 1-0

[Event "FB1 2324 Rodewischer Schachmiezen - OSG "]
[Site "?"]
[Date "2023.12.10"]
[Round "4.5"]
[White "Kachiani-Gersinska, Ketino"]
[Black "Korenova, Martina"]
[Result "0-1"]
[WhiteElo "2313"]
[BlackElo "2160"]
[PlyCount "140"]
[EventDate "2023.??.??"]

1. c4 g6 2. Nf3 Bg7 3. g3 e5 4. Nc3 Nc6 5. Bg2 f5 6. O-O Nf6 7. d3 d6 8. Rb1 O-O 9. b4 Kh8 10. b5 Ne7 11. Bb2 h6 12. c5 g5 13. cxd6 cxd6 14. Qb3 Ng6 15. Nd2 Re8 16. e3 Be6 17. Qb4 d5 18. d4 Bf8 19. Qa4 e4 20. Rfc1 Qe7 21. Qd1 f4 22. b6 axb6 23. Na4 Ng4 24. exf4 e3 25. Nxb6 exf2+ 26. Kh1 Rxa2 27. Qb3 Ra6 28. h3 gxf4 29. hxg4 fxg3 30. Qxg3 Rxb6 31. Qxf2 Qh4+ 32. Qxh4 Nxh4 33. Bc3 Rxb1 34. Rxb1 Nxg2 35. Kxg2 Bxg4 36. Rxb7 Re3 37. Ba5 Bg7 38. Rb8+ Kh7 39. Rd8 Be6 40. Nf3 Re4 41. Bb6 Kg6 42. Kg3 Rg4+ 43. Kf2 Kf5 44. Re8 h5 45. Bd8 Bxd4+ 46. Nxd4+ Rxd4 47. Rf8+ Kg4 48. Rh8 Rf4+ 49. Ke1 d4 50. Rh6 Bf5 51. Rh8 Re4+ 52. Kd2 Re6 53. Rf8 d3 54. Bf6 Re2+ 55. Kd1 Be6 56. Rb8 Bd5 57. Rb4+ Be4 58. Rb2 Re3 59. Rh2 Bf3+ 60. Kd2 Re6 61. Bd8 Be2 62. Rh4+ Kf5 63. Rc4 Ra6 64. Rc5+ Ke4 65. Ra5 Rxa5 66. Bxa5 h4 67. Ke1 Kf3 68. Bc7 h3 69. Kd2 Kg2 70. Ke3 h2 0-1

[Event "FB1 2324 Rodewischer Schachmiezen - OSG "]
[Site "?"]
[Date "2023.12.10"]
[Round "4.6"]
[White "Miturova, Magdalena"]
[Black "Heinemann, Josefine"]
[Result "0-1"]
[WhiteElo "2122"]
[BlackElo "2360"]
[PlyCount "186"]
[EventDate "2023.??.??"]

1. Nf3 d5 2. g3 Nf6 3. Bg2 c5 4. d4 cxd4 5. Nxd4 e5 6. Nb3 h6 7. O-O Be7 8. c4 d4 9. e3 dxe3 10. Qxd8+ Bxd8 11. Bxe3 O-O 12. Nc3 Nc6 13. Bc5 Be7 14. Bxe7 Nxe7 15. Rfe1 Ng6 16. Nb5 Be6 17. Nd6 Rab8 18. Nc5 b6 19. Nxe6 fxe6 20. Bh3 Rfd8 21. Bxe6+ Kf8 22. Nb5 Rd2 23. b3 e4 24. Bf5 Ne5 25. Bxe4 Neg4 26. Bg2 Nxf2 27. Nc3 Rbd8 28. Rf1 N2g4 29. Nd5 Re8 30. h3 Ne3 31. Nxe3 Rxe3 32. Rf2 Ree2 33. Rxe2 Rxe2 34. g4 Kf7 35. a3 Rb2 36. b4 Rc2 37. Bf1 Rc3 38. a4 Ne4 39. a5 Nd2 40. axb6 axb6 41. Bg2 Nxc4 42. Ra7+ Kf6 43. Rc7 Rc1+ 44. Kh2 Rc2 45. Kg3 Ne3 46. Rxc2 Nxc2 47. b5 g5 48. Bf1 Ke5 49. h4 Ke4 50. hxg5 hxg5 51. Bg2+ Ke3 52. Bc6 Nd4 53. Bd7 Ne2+ 54. Kg2 Kf4 55. Bc8 Nc3 56. Bd7 Ne4 57. Bc8 Nf6 58. Kh3 Kf3 59. Bb7+ Ke3 60. Kg3 Ne4+ 61. Kg2 Nc3 62. Bc6 Kf4 63. Bd7 Nd1 64. Bc8 Ne3+ 65. Kh3 Nc4 66. Kg2 Ne5 67. Kh3 Kf3 68. Bb7+ Ke3 69. Kg3 Kd4 70. Bc6 Kc5 71. Be8 Kd6 72. Bh5 Kd5 73. Be8 Kc5 74. Kh3 Nc4 75. Kg3 Nd6 76. Bd7 Nxb5 77. Kf3 Nd6 78. Ke3 Kc4 79. Kd2 Ne4+ 80. Kc2 Nc5 81. Be8 Kd4 82. Kb2 Kc4 83. Bf7+ Kb4 84. Bd5 b5 85. Bf7 Nd3+ 86. Kc2 Ne5 87. Be6 Ka3 88. Kc3 b4+ 89. Kc2 Nf3 90. Bg8 Ne1+ 91. Kd2 Ng2 92. Ke2 b3 93. Kf3 Nf4 0-1

[Event "FB1 2324 SC 1957 Bad Königshofen  - Kar"]
[Site "?"]
[Date "2023.12.10"]
[Round "4.1"]
[White "Georgescu, Lena"]
[Black "Schneider, Jana"]
[Result "1/2-1/2"]
[WhiteElo "2264"]
[BlackElo "2255"]
[PlyCount "53"]
[EventDate "2023.??.??"]

1. e4 e5 2. Nf3 Nc6 3. Bb5 a6 4. Ba4 Nf6 5. O-O Be7 6. Re1 b5 7. Bb3 O-O 8. a4 b4 9. d4 d6 10. dxe5 Nxe5 11. Bf4 Nfd7 12. Bxe5 Nxe5 13. Nxe5 dxe5 14. Nd2 Bc5 15. Nf3 Qxd1 16. Raxd1 Bd6 17. Rd3 Bg4 18. h3 Bxf3 19. Rxf3 a5 20. Rd1 g6 21. g4 Kg7 22. Kg2 f6 23. h4 Rfd8 24. Rfd3 Rf8 25. Rf3 Rfd8 26. Rfd3 Rf8 27. Rf3 1/2-1/2

[Event "FB1 2324 SC 1957 Bad Königshofen  - Kar"]
[Site "?"]
[Date "2023.12.10"]
[Round "4.2"]
[White "Maltsevskaya, Aleksandra"]
[Black "Schmidt, Jessica"]
[Result "1/2-1/2"]
[WhiteElo "2384"]
[BlackElo "2202"]
[PlyCount "61"]
[EventDate "2023.??.??"]

1. e4 e5 2. Bc4 Nc6 3. Nc3 Nf6 4. d3 Bc5 5. f4 O-O 6. Nf3 exf4 7. Bxf4 d6 8. Qd2 Be6 9. Bb3 a5 10. Bg5 Bb4 11. a3 Bxc3 12. Qxc3 a4 13. Ba2 h6 14. Bh4 g5 15. Bxe6 fxe6 16. Bg3 e5 17. O-O-O Qe7 18. Kb1 Nh5 19. d4 exd4 20. Nxd4 Nxd4 21. Rxd4 Rf7 22. Be1 Nf4 23. Qc4 Qe6 24. Qb5 c6 25. Qb6 Ne2 26. Rd1 Qxe4 27. Bd2 Nd4 28. Rc1 Nb3 29. Rcd1 Nd4 30. Rc1 Nb3 31. Rcd1 1/2-1/2

[Event "FB1 2324 SC 1957 Bad Königshofen  - Kar"]
[Site "?"]
[Date "2023.12.10"]
[Round "4.3"]
[White "Heinatz, Gundula"]
[Black "Savina, Anastasia"]
[Result "1/2-1/2"]
[WhiteElo "2107"]
[BlackElo "2336"]
[PlyCount "179"]
[EventDate "2023.??.??"]

1. Nf3 Nf6 2. g3 d6 3. d4 c6 4. Bg2 Nbd7 5. b3 e5 6. dxe5 dxe5 7. O-O Bc5 8. Nfd2 Qe7 9. Nc3 Bd4 10. Bb2 Nb6 11. a4 Be6 12. e3 Bg4 13. Qc1 Bxc3 14. Bxc3 O-O 15. Bb2 a5 16. h3 Bc8 17. c4 c5 18. Qc3 Nbd7 19. Rad1 Re8 20. Kh2 Ra6 21. Nf3 Ne4 22. Qc2 Nd6 23. Rd5 f6 24. Rfd1 Nf7 25. Nh4 Nf8 26. Nf5 Qe6 27. e4 Rc6 28. Bc1 b6 29. Qd3 g6 30. Nh6+ Nxh6 31. Bxh6 Qe7 32. Rd6 Rxd6 33. Qxd6 Qxd6 34. Rxd6 Nd7 35. h4 Kf7 36. Bh3 Ke7 37. Bxd7 Bxd7 38. Rxb6 Rc8 39. Bd2 Bg4 40. Kg2 Rd8 41. Be3 Bd1 42. Bxc5+ Kf7 43. Bd6 Bxb3 44. Bxe5 Bxc4 45. Rxf6+ Ke7 46. Rc6 Be6 47. Rc7+ Rd7 48. Rc5 Rd3 49. Rxa5 Bg4 50. Rd5 Bf3+ 51. Kh2 Rxd5 52. exd5 Bxd5 53. g4 Ke6 54. Bd4 Bc4 55. Kg3 Be2 56. Kf4 Kd5 57. Bf6 Ke6 58. Bc3 Kf7 59. a5 Ke6 60. Kg5 Kf7 61. h5 Bd3 62. Kh6 Be2 63. Kg5 Bd3 64. f4 Ba6 65. Kh6 Bd3 66. Bd4 Be2 67. Kg5 Bd3 68. Bb2 Be2 69. h6 Bd3 70. f5 gxf5 71. gxf5 Ba6 72. Kf4 Bb5 73. Ke5 Bd3 74. Ba3 Ba6 75. Kd6 Kf6 76. Kc6 Kxf5 77. Kb6 Be2 78. a6 Kg6 79. Bc1 Bxa6 80. Kxa6 Kf7 81. Kb6 Kg8 82. Kc6 Kf7 83. Kd7 Kg8 84. Ke6 Kh8 85. Bb2+ Kg8 86. Kf6 Kf8 87. Ba3+ Kg8 88. Bd6 Kh8 89. Be5 Kg8 90. Ke6 1/2-1/2

[Event "FB1 2324 SC 1957 Bad Königshofen  - Kar"]
[Site "?"]
[Date "2023.12.10"]
[Round "4.4"]
[White "Melamed, Tatjana"]
[Black "Doll, Rebecca"]
[Result "1-0"]
[WhiteElo "2341"]
[BlackElo "1932"]
[PlyCount "187"]
[EventDate "2023.??.??"]

1. e4 e5 2. Nf3 Nc6 3. Bb5 a6 4. Ba4 Nf6 5. d3 d6 6. c3 b5 7. Bc2 Be7 8. O-O O-O 9. Re1 Re8 10. Nbd2 Nb8 11. d4 Bf8 12. a4 Bb7 13. Bd3 c6 14. Nf1 Nbd7 15. Ng3 g6 16. h3 Bg7 17. b3 d5 18. Bg5 Qc7 19. dxe5 Nxe4 20. Bxe4 dxe4 21. Nxe4 Nxe5 22. Nxe5 Bxe5 23. Nf6+ Bxf6 24. Bxf6 Rxe1+ 25. Qxe1 Qd6 26. Be7 Qe6 27. Qxe6 fxe6 28. Rd1 Kf7 29. Bc5 Ke8 30. Rd6 Bc8 31. Rxc6 Bd7 32. Rb6 bxa4 33. bxa4 Rc8 34. Bb4 Rc6 35. Rb8+ Rc8 36. Rb7 Rc4 37. a5 Kd8 38. Kh2 Rc7 39. Rb8+ Rc8 40. Rb6 Rc6 41. Rb7 Rc7 42. Be7+ Kc8 43. Rb6 Rc6 44. Rb3 Rc4 45. Bb4 Bc6 46. Rb2 Kd7 47. Rd2+ Bd5 48. Kg3 Ke8 49. f3 Kf7 50. Kf2 Ke8 51. Ke3 Kd7 52. Kd3 Rh4 53. Rb2 Bc4+ 54. Ke3 Bd5 55. Rd2 Rc4 56. Rd4 Kc6 57. Rd1 Kd7 58. Kd3 Rh4 59. Re1 Bc4+ 60. Ke3 Bd5 61. Kf2 Ke8 62. Re5 Kf7 63. Re3 Rc4 64. Ke1 Ke8 65. Kd2 Kd7 66. Re1 Rh4 67. Rb1 Ba2 68. Rb2 Bd5 69. Kd3 Bc4+ 70. Ke3 Bd5 71. Bc5 Ra4 72. Bb4 Ra2 73. Rxa2 Bxa2 74. Kd4 Bb3 75. h4 h5 76. Ke5 Bc2 77. Kf6 Bd3 78. g4 Be2 79. Kxg6 hxg4 80. fxg4 Bxg4 81. h5 Bf5+ 82. Kf6 Bb1 83. h6 Bc2 84. c4 Bf5 85. Bc5 Kc6 86. Be3 Kd6 87. Kg7 Ke5 88. h7 Bxh7 89. Kxh7 Ke4 90. c5 Kd5 91. Kg6 Kc6 92. Kf6 Kb5 93. Kxe6 Kxa5 94. c6 1-0

[Event "FB1 2324 SC 1957 Bad Königshofen  - Kar"]
[Site "?"]
[Date "2023.12.10"]
[Round "4.5"]
[White "Scheynin, Julia"]
[Black "Manko, Mariia"]
[Result "0-1"]
[WhiteElo "1904"]
[BlackElo "2128"]
[PlyCount "60"]
[EventDate "2023.??.??"]

1. e4 c5 2. Nc3 Nc6 3. g3 g6 4. Bg2 Bg7 5. d3 Nf6 6. f4 d6 7. Nf3 Bg4 8. h3 Bxf3 9. Qxf3 Nd4 10. Qf2 Nd7 11. O-O O-O 12. Nd1 Rc8 13. c3 Nc6 14. Be3 Qb6 15. Qd2 Qa6 16. Nf2 b5 17. Rfc1 Qb6 18. g4 b4 19. f5 Rb8 20. Bh6 bxc3 21. bxc3 Qb2 22. Qxb2 Rxb2 23. Bxg7 Kxg7 24. d4 cxd4 25. cxd4 Nxd4 26. Rc7 Ne5 27. Rxa7 Rc8 28. Ra3 Rcc2 29. Rf1 Nc4 30. fxg6 Nxa3 0-1

[Event "FB1 2324 SC 1957 Bad Königshofen  - Kar"]
[Site "?"]
[Date "2023.12.10"]
[Round "4.6"]
[White "Grineva, Marianna"]
[Black "Grining, Maria"]
[Result "1-0"]
[WhiteElo "2033"]
[BlackElo "1759"]
[PlyCount "117"]
[EventDate "2023.??.??"]

1. e4 c5 2. Nf3 d6 3. d4 cxd4 4. Nxd4 Nf6 5. Nc3 Nc6 6. Bg5 Qa5 7. Bxf6 gxf6 8. Bb5 Bd7 9. Nb3 Qd8 10. Qh5 a6 11. Be2 Rg8 12. g3 Ne5 13. f4 Bg4 14. Qxh7 Rg7 15. Qh4 Bxe2 16. fxe5 Rg4 17. Qh3 Bf3 18. Rf1 Qd7 19. Qh7 Rg7 20. Qf5 Qxf5 21. exf5 Bc6 22. exf6 exf6 23. O-O-O Rh7 24. Rf2 Bh6+ 25. Kb1 O-O-O 26. Nd5 Bg7 27. Na5 Bxd5 28. Rxd5 Re8 29. b4 Re1+ 30. Kb2 Bh6 31. Nc4 Bc1+ 32. Kb3 b5 33. Nd2 Kc7 34. c3 Rh8 35. Kc2 Rhe8 36. Nf3 Be3 37. Nxe1 Bxf2 38. Ng2 Rh8 39. Rd2 Bg1 40. Nh4 Re8 41. Nf3 Bb6 42. Nd4 Re5 43. g4 Re4 44. h3 d5 45. Re2 Kd6 46. Rxe4 dxe4 47. h4 Ke7 48. Kd2 Bc7 49. Ke3 Bg3 50. h5 Be1 51. Ne2 Kf8 52. Kxe4 Kg7 53. Kd3 Kh6 54. Nd4 Bf2 55. Nf3 Bb6 56. c4 bxc4+ 57. Kxc4 Kg7 58. Kd5 Kf8 59. Kc6 1-0

[Event "FB1 2324 SV Weißblau Allianz Leipzig - "]
[Site "?"]
[Date "2024.01.20"]
[Round "5.1"]
[White "Tsolakidou, Stavroula"]
[Black "Cyfka, Karina"]
[Result "1-0"]
[WhiteElo "2417"]
[BlackElo "2367"]
[PlyCount "67"]
[EventDate "2024.??.??"]

1. c4 e5 2. g3 Nf6 3. Bg2 d5 4. cxd5 Nxd5 5. Nf3 Nc6 6. O-O Nb6 7. b3 Be7 8. Bb2 Bf6 9. Nc3 Bf5 10. d3 O-O 11. Nd2 Qd7 12. Nc4 Nxc4 13. bxc4 Bh3 14. Nd5 Bd8 15. Bxh3 Qxh3 16. f4 Re8 17. e4 f6 18. f5 Ne7 19. Ne3 Nc6 20. Ng4 Be7 21. Nf2 Qh6 22. Bc1 g5 23. h4 Qg7 24. hxg5 fxg5 25. Kg2 Rad8 26. Be3 Rd7 27. Rh1 Nd8 28. Qa4 c6 29. Rh5 Nf7 30. Rah1 a6 31. c5 Red8 32. Qc4 Bf6 33. Ng4 Rxd3 34. Rxh7 1-0

[Event "FB1 2324 SV Weißblau Allianz Leipzig - "]
[Site "?"]
[Date "2024.01.20"]
[Round "5.2"]
[White "Kulon, Klaudia"]
[Black "Sieber, Fiona"]
[Result "1-0"]
[WhiteElo "2323"]
[BlackElo "2221"]
[PlyCount "105"]
[EventDate "2024.??.??"]

1. d4 Nf6 2. Bf4 e6 3. Nf3 c5 4. e3 Qb6 5. Nc3 cxd4 6. Qxd4 Bc5 7. Qd2 Bb4 8. Be5 Nc6 9. Bxf6 gxf6 10. a3 Qa5 11. Be2 Bxc3 12. bxc3 d5 13. O-O O-O 14. Rfb1 Rd8 15. Rb3 Qc7 16. Nd4 Ne5 17. Rb4 Bd7 18. Rab1 b6 19. e4 dxe4 20. Qe3 Bc6 21. Qh6 Rd5 22. Qxf6 Bb7 23. h4 Qd8 24. Qh6 Rc8 25. R4b3 Qf8 26. Qe3 Qg7 27. Kf1 Nc4 28. Bxc4 Rxc4 29. Kg1 Rh5 30. Rb5 Bd5 31. R1b4 Rxb4 32. cxb4 Rxh4 33. c4 Rg4 34. cxd5 Rxg2+ 35. Kf1 Rg1+ 36. Ke2 Qg4+ 37. Kd2 Rd1+ 38. Kc2 Rd3 39. Qe2 Qg1 40. dxe6 Qa1 41. exf7+ Kf8 42. Ne6+ Kxf7 43. Ng5+ Kg8 44. Nxe4 Kf7 45. Ng5+ Kg8 46. Ne4 Rxa3 47. Qc4+ Kh8 48. Qc8+ Kg7 49. Rg5+ Kf7 50. Qd7+ Kf8 51. Rf5+ Kg8 52. Qf7+ Kh8 53. Qf8# 1-0

[Event "FB1 2324 SV Weißblau Allianz Leipzig - "]
[Site "?"]
[Date "2024.01.20"]
[Round "5.3"]
[White "Sliwicka, Alicja"]
[Black "Roessler, Ulrike"]
[Result "1-0"]
[WhiteElo "2311"]
[BlackElo "2156"]
[PlyCount "127"]
[EventDate "2024.??.??"]

1. e4 c5 2. Nf3 d6 3. d4 cxd4 4. Nxd4 Nf6 5. Nc3 a6 6. Bd3 g6 7. f3 Bg7 8. Be3 O-O 9. Qd2 Nc6 10. O-O-O d5 11. exd5 Nxd5 12. Nxd5 Qxd5 13. Nb3 Qe5 14. c3 a5 15. Bf4 Qf6 16. Bg5 Qd6 17. Bc4 Qc7 18. a4 Nb4 19. Qe2 Bf5 20. cxb4 axb4 21. Rd5 Rxa4 22. Rc5 Ra1+ 23. Nxa1 Qxc5 24. Nb3 Qc7 25. Kd1 Rc8 26. g4 b5 27. Bxf7+ Kxf7 28. gxf5 Qd7+ 29. Qd2 Qxf5 30. Qf4 Bxb2 31. Qxf5+ gxf5 32. Bd2 Bc3 33. Ke2 e5 34. Rc1 Ke6 35. Rg1 Kd5 36. Rg7 Ra8 37. Bxc3 bxc3 38. Kd3 b4 39. Rd7+ Kc6 40. Rxh7 Ra2 41. Kc4 Rb2 42. Rg7 Rxh2 43. Rg6+ Kc7 44. Rg5 Rh4+ 45. Kc5 c2 46. Rg7+ Kd8 47. Rg2 Rf4 48. Kd6 Ke8 49. Ke6 Kd8 50. Rd2+ Kc7 51. Rxc2+ Kb6 52. Nd2 e4 53. Ke5 Rh4 54. f4 Rh5 55. Nb3 Kb5 56. Nd4+ Ka5 57. Rb2 e3 58. Re2 Kb6 59. Rxe3 Kc5 60. Re1 Kc4 61. Rc1+ Kd3 62. Rb1 Kc3 63. Kd5 Rh4 64. Rb3+ 1-0

[Event "FB1 2324 SV Weißblau Allianz Leipzig - "]
[Site "?"]
[Date "2024.01.20"]
[Round "5.4"]
[White "Hincu, Olga"]
[Black "Hagarova, Zuzana"]
[Result "0-1"]
[WhiteElo "2119"]
[BlackElo "2280"]
[PlyCount "72"]
[EventDate "2024.??.??"]

1. c4 g6 2. g3 Bg7 3. Bg2 f5 4. Nc3 Nf6 5. d4 d6 6. Nf3 O-O 7. O-O c6 8. d5 e5 9. dxe6 Bxe6 10. Bf4 Bxc4 11. Bxd6 Re8 12. Qd4 Bf7 13. Qb4 Qb6 14. Qxb6 axb6 15. Rfd1 Nbd7 16. Nd2 b5 17. a3 Nb6 18. Rac1 Nfd5 19. Bxd5 Nxd5 20. Ndb1 Nb6 21. Bc5 Nc4 22. b3 Na5 23. Nd2 Bxb3 24. Re1 Bf7 25. e4 Nc4 26. Nxc4 Bxc4 27. f3 b6 28. Bxb6 Rxa3 29. Nb1 Rxf3 30. Nd2 Rc3 31. Nxc4 Rxc4 32. exf5 Rxe1+ 33. Rxe1 gxf5 34. Rf1 b4 35. Rxf5 Rc1+ 36. Kf2 b3 0-1

[Event "FB1 2324 SV Weißblau Allianz Leipzig - "]
[Site "?"]
[Date "2024.01.20"]
[Round "5.5"]
[White "Movsesian, Julia"]
[Black "Wagenschuetz, Evelyn"]
[Result "1-0"]
[WhiteElo "2257"]
[BlackElo "2095"]
[PlyCount "101"]
[EventDate "2024.??.??"]

1. e4 c5 2. Nf3 d6 3. d4 cxd4 4. Nxd4 Nf6 5. Nc3 a6 6. h3 e5 7. Nf3 h6 8. Be2 Be7 9. O-O Be6 10. Nh2 b5 11. Ng4 Nbd7 12. a3 Rc8 13. Bf3 Nxg4 14. Bxg4 Nf6 15. Bf3 O-O 16. Be3 Qd7 17. Qd2 Rc4 18. Rfd1 Rfc8 19. Qe1 Qb7 20. Rd3 b4 21. axb4 Qxb4 22. b3 R4c6 23. Bd2 Qb7 24. Bd1 Rc5 25. Be3 R5c7 26. Bd2 Bf8 27. Rg3 Kh7 28. Qe2 Rxc3 29. Rxc3 Nxe4 30. Rxc8 Bxc8 31. c4 f5 32. Bc2 Nxd2 33. Qxd2 Be7 34. Qd5 e4 35. Qxb7 Bxb7 36. b4 Bd8 37. Rd1 Bc7 38. c5 d5 39. Bb3 Kg6 40. Bxd5 Bc8 41. Bb7 Bxb7 42. Rd7 Bc6 43. Rxc7 Bb5 44. g3 Kf6 45. h4 g5 46. h5 f4 47. Rh7 e3 48. Rxh6+ Kf5 49. fxe3 fxe3 50. Rd6 Kg4 51. h6 1-0

[Event "FB1 2324 SV Weißblau Allianz Leipzig - "]
[Site "?"]
[Date "2024.01.20"]
[Round "5.6"]
[White "Schulz, Petra"]
[Black "Schoene, Maria"]
[Result "1/2-1/2"]
[WhiteElo "2001"]
[BlackElo "2185"]
[PlyCount "96"]
[EventDate "2024.??.??"]

1. e4 d6 2. d4 Nf6 3. Nc3 g6 4. f4 Bg7 5. Nf3 c5 6. Bb5+ Bd7 7. e5 Ng4 8. Bxd7+ Qxd7 9. d5 dxe5 10. h3 e4 11. Nxe4 Nf6 12. Nxf6+ Bxf6 13. O-O O-O 14. Be3 Qc7 15. Rb1 Nd7 16. c4 a6 17. Qc2 b5 18. b3 b4 19. f5 a5 20. Ng5 Qg3 21. Qf2 Qxf2+ 22. Rxf2 a4 23. Ne4 axb3 24. axb3 Rfc8 25. Nxf6+ Nxf6 26. fxg6 hxg6 27. Rf4 Nh5 28. Re4 Rc7 29. Bf2 Ng7 30. Rbe1 e6 31. d6 Rc6 32. Rd1 Rd8 33. Re5 Rdxd6 34. Rxd6 Rxd6 35. Bxc5 Rd3 36. Re3 Rd1+ 37. Kf2 Nf5 38. Re1 Rd3 39. g4 Nd4 40. Bxd4 Rxd4 41. Ke3 e5 42. Kf3 Rf4+ 43. Kg3 Rd4 44. Rxe5 Rd3+ 45. Kf4 Rxb3 46. Rb5 Rb1 47. c5 b3 48. c6 Rc1 1/2-1/2